000 00304nam a22001217a 4500
040 _cHS
082 _a658
100 _aKHIEV SOCHEAT (DBA)
245 _afinancial management
260 _aសាកលវិទ្យាល័យវេស្ទើន
_bKHIEV SOCHEAT
_c2006
300 _a38p.
942 _cKB
999 _c8885
_d8885